Clinical chemistry: (Record no. 172)

MARC details
000 -LEADER
fixed length control field 00563nam a22002057a 4500
003 - CONTROL NUMBER IDENTIFIER
control field OSt
005 - DATE AND TIME OF LATEST TRANSACTION
control field 20140710181028.0
008 - FIXED-LENGTH DATA ELEMENTS--GENERAL INFORMATION
fixed length control field 140710b xxu||||| |||| 00| 0 eng d
020 ## - INTERNATIONAL STANDARD BOOK NUMBER
International Standard Book Number 0071360476
040 ## - CATALOGING SOURCE
Transcribing agency DNLM
082 ## - DEWEY DECIMAL CLASSIFICATION NUMBER
Classification number QY90 A23c 2003
Item number A
100 ## - MAIN ENTRY--PERSONAL NAME
Personal name Anderson Shauna
9 (RLIN) 452
245 ## - TITLE STATEMENT
Title Clinical chemistry:
Remainder of title concepts and applications
260 ## - PUBLICATION, DISTRIBUTION, ETC. (IMPRINT)
Place of publication, distribution, etc. New York:
Name of publisher, distributor, etc. McGraw-hill
Date of publication, distribution, etc. 2003
300 ## - PHYSICAL DESCRIPTION
Extent xvii,723p;
Other physical details ill
Dimensions 28.5cm
504 ## - BIBLIOGRAPHY, ETC. NOTE
Bibliography, etc References, index included
650 ## - SUBJECT ADDED ENTRY--TOPICAL TERM
Topical term or geographic name as entry element Clinical chemistry
9 (RLIN) 428
700 ## - ADDED ENTRY--PERSONAL NAME
Personal name Cockayne, Susan
9 (RLIN) 453
942 ## - ADDED ENTRY ELEMENTS (KOHA)
Source of classification or shelving scheme Other/Generic Classification Scheme
Koha item type Open Shelf
Holdings
Withdrawn status Lost status Source of classification or shelving scheme Damaged status Not for loan Home library Current library Date acquired Source of acquisition Inventory number Total Checkouts Full call number Barcode Date last seen Date last checked out Price effective from Koha item type
    Other/Generic Classification Scheme     MUST Main Library MUST Main Library 10/07/2014   05/24409 1 QY90 A23c 2003 A 2014-0552 22/09/2022 30/08/2022 10/07/2014 Open Shelf
    Other/Generic Classification Scheme     MUST Main Library MUST Main Library 10/07/2014   06/26757   QY90 A23c 2003 A 2014-0553 10/07/2014   10/07/2014 Open Shelf